|
|
|
|
| LEADER |
00776pam a22002178a 4500 |
| 001 |
00022183 |
| 005 |
20171026081025.0 |
| 008 |
110528s1994 ||||||Viesd |
| 041 |
0 |
# |
|a Vie
|
| 082 |
1 |
4 |
|a 155.4
|b T120L
|
| 100 |
0 |
# |
|a Nguyễn Khắc Viện
|
| 245 |
0 |
0 |
|a Tâm lý học sinh tiểu học
|c Nguyễn Khắc Viện, Nghiêm Chưởng Châu, Nguyễn Thị Nhất
|
| 260 |
# |
# |
|c 1994
|a H.
|b Giáo dục
|
| 300 |
# |
# |
|a 226 tr.
|c 19 cm.
|
| 490 |
# |
# |
|a Tủ sách tâm lí trẻ em
|
| 700 |
0 |
# |
|a Nghiêm Chưởng Châu
|
| 700 |
0 |
# |
|a Nguyễn Thị Nhất
|
| 852 |
# |
# |
|b Kho đọc
|j KD.0009005
|
| 852 |
# |
# |
|j KD.0009005
|
| 910 |
0 |
# |
|a Đức
|d 28/05/2011
|
| 980 |
# |
# |
|a Trung tâm Học liệu Lê Vũ Hùng, Trường Đại học Đồng Tháp
|